[Event "Lipetsk Spring"]
[Site "Lipetsk"]
[Date "2010.03.28"]
[Round "7"]
[White "Omelchak, Ivan"]
[Black "Titov, Sergey"]
[Result "1-0"]
[WhiteElo "1837"]
[BlackElo "2034"]
[PlyCount "77"]
[EventDate "2010.03.22"]
[EventType "swiss"]
[EventRounds "9"]
[EventCountry "RUS"]
[SourceTitle "EXT 2022"]
[Source "ChessBase"]
[SourceDate "2021.10.06"]
[SourceVersion "1"]
[SourceVersionDate "2021.10.06"]
[SourceQuality "1"]

1. e4 c6 2. d4 d5 3. Nc3 dxe4 4. Nxe4 Bf5 5. Nc5 b6 6. Nb3 Nf6 7. Nf3 e6 8. Bd3 Bxd3 9. Qxd3 Be7 10. 0-0 0-0 11. Bf4 Nbd7 12. Rfe1 Qc8 13. c3 a5 14. Nbd2 c5 15. Re2 Rd8 16. Rae1 Qc6 17. Qc2 cxd4 18. Nxd4 Qd5 19. a3 Rac8 20. N2f3 b5 21. Ne5 Nxe5 22. Bxe5 b4 23. Nf3 b3 24. Qb1 a4 25. Bd4 Qh5 26. Re5 Qg6 27. Qxg6 hxg6 28. Ra5 Ra8 29. Rb5 Rdb8 30. Ree5 Bd6 31. Rxb8+ Bxb8 32. Rb5 Ne4 33. Kf1 f6 34. Ke2 e5 35. Be3 Nd6 36. Rd5 Kf7 37. Rc5 Ke6 38. Nd2 Ba7 39. Ra5 1-0

[Event "Lipetsk Spring"]
[Site "Lipetsk"]
[Date "2010.03.26"]
[Round "5"]
[White "Omelchak, Ivan"]
[Black "Grachev, Andrey"]
[Result "0-1"]
[WhiteElo "1837"]
[BlackElo "1803"]
[PlyCount "72"]
[EventDate "2010.03.22"]
[EventType "swiss"]
[EventRounds "9"]
[EventCountry "RUS"]
[SourceTitle "EXT 2022"]
[Source "ChessBase"]
[SourceDate "2021.10.06"]
[SourceVersion "1"]
[SourceVersionDate "2021.10.06"]
[SourceQuality "1"]

1. e4 c6 2. d4 d5 3. Nc3 dxe4 4. Nxe4 Nd7 5. Nf3 Ngf6 6. Ng3 e6 7. Bd3 Be7 8. 0-0 0-0 9. Re1 Qc7 10. c4 b6 11. Qc2 Bb7 12. a3 c5 13. d5 Bd6 14. dxe6 fxe6 15. Ng5 h6 16. Nxe6 Qc6 17. f3 Bxg3 18. hxg3 Rfe8 19. Qe2 Nf8 20. Bf5 Bc8 21. Bf4 Bxe6 22. Qc2 Bxf5 23. Qxf5 Qd7 24. Qc2 Nh5 25. Red1 Qf7 26. Bd6 Qg6 27. Qf2 Re6 28. Bxf8 Rxf8 29. Kh2 Rfe8 30. g4 Nf4 31. Qg3 Qg5 32. Rd7 Re2 33. Rg1 Rxb2 34. Rxa7 Ree2 35. Ra8+ Kh7 36. Rf8 Rxg2+ 0-1

[Event "Lipetsk Spring"]
[Site "Lipetsk"]
[Date "2010.03.25"]
[Round "4"]
[White "Medvedev, Gennady"]
[Black "Omelchak, Ivan"]
[Result "0-1"]
[WhiteElo "1870"]
[BlackElo "1837"]
[PlyCount "58"]
[EventDate "2010.03.22"]
[EventType "swiss"]
[EventRounds "9"]
[EventCountry "RUS"]
[SourceTitle "EXT 2022"]
[Source "ChessBase"]
[SourceDate "2021.10.06"]
[SourceVersion "1"]
[SourceVersionDate "2021.10.06"]
[SourceQuality "1"]

1. c4 e6 2. e3 b6 3. Nf3 Nf6 4. b3 Bb7 5. Bb2 c5 6. Qc2 Nc6 7. a3 Be7 8. d4 d5 9. Nbd2 0-0 10. dxc5 bxc5 11. Rd1 Qb6 12. Ng5 g6 13. Ndf3 Ne4 14. h4 Qa5+ 15. Nd2 Nxg5 16. hxg5 Bxg5 17. f4 Be7 18. Bc3 Qc7 19. Nf3 d4 20. Bb2 Rad8 21. g3 Kg7 22. Rh2 e5 23. Qc1 Bf6 24. exd4 Nxd4 25. Bxd4 exd4 26. Kf2 h5 27. Bd3 Rfe8 28. f5 Re3 29. Ng5 Qxg3+ 0-1

[Event "Lipetsk Spring"]
[Site "Lipetsk"]
[Date "2010.03.24"]
[Round "3"]
[White "Omelchak, Ivan"]
[Black "Ponomarev, Andrey"]
[Result "0-1"]
[WhiteElo "1837"]
[BlackElo "2028"]
[PlyCount "54"]
[EventDate "2010.03.22"]
[EventType "swiss"]
[EventRounds "9"]
[EventCountry "RUS"]
[SourceTitle "EXT 2022"]
[Source "ChessBase"]
[SourceDate "2021.10.06"]
[SourceVersion "1"]
[SourceVersionDate "2021.10.06"]
[SourceQuality "1"]

1. e4 e6 2. d4 d5 3. Nd2 Nf6 4. e5 Nfd7 5. Bd3 c5 6. c3 Nc6 7. Ngf3 Qb6 8. 0-0 cxd4 9. cxd4 Nxd4 10. Nxd4 Qxd4 11. Nf3 Qb6 12. Qa4 Be7 13. Qg4 g6 14. b3 Qb4 15. Bf4 g5 16. Nxg5 Rg8 17. Qh5 Qxf4 18. Nxe6 Qxe5 19. Qxe5 Nxe5 20. Bb5+ Bd7 21. Nc7+ Kd8 22. Nxa8 Bxb5 23. Rfd1 Bc6 24. Rac1 Kd7 25. f4 Ng4 26. Rc3 Rxa8 27. Rg3 Bc5+ 0-1

[Event "Lipetsk-ch"]
[Site "Lipetsk"]
[Date "2009.06.05"]
[Round "7"]
[White "Natsvin, Vyacheslav"]
[Black "Omelchak, Ivan"]
[Result "1/2-1/2"]
[WhiteElo "1868"]
[BlackElo "1892"]
[PlyCount "54"]
[EventDate "2009.05.22"]
[EventType "swiss"]
[EventRounds "9"]
[EventCountry "RUS"]
[SourceTitle "EXT 2022"]
[Source "ChessBase"]
[SourceDate "2021.10.06"]
[SourceVersion "1"]
[SourceVersionDate "2021.10.06"]
[SourceQuality "1"]

1. c4 e6 2. Nc3 b6 3. d4 Bb7 4. Nf3 Nf6 5. g3 Be7 6. Bg2 0-0 7. 0-0 d5 8. Re1 Nbd7 9. Ne5 c5 10. cxd5 exd5 11. e3 Bd6 12. f4 Re8 13. Qa4 a6 14. Nxd7 Nxd7 15. Bxd5 b5 16. Qd1 Bxd5 17. Nxd5 cxd4 18. exd4 Qa5 19. Bd2 b4 20. Ne3 Qb6 21. Nf5 Bf8 22. Be3 g6 23. Nh4 Nf6 24. Nf3 Rad8 25. Qb3 Bg7 26. Rac1 Ng4 27. Ne5 Nxe3 1/2-1/2

[Event "Lipetsk-ch"]
[Site "Lipetsk"]
[Date "2009.05.23"]
[Round "2"]
[White "Omelchak, Ivan"]
[Black "Ruchkin, Ivan"]
[Result "0-1"]
[WhiteElo "1892"]
[BlackElo "2149"]
[PlyCount "94"]
[EventDate "2009.05.22"]
[EventType "swiss"]
[EventRounds "9"]
[EventCountry "RUS"]
[SourceTitle "EXT 2022"]
[Source "ChessBase"]
[SourceDate "2021.10.06"]
[SourceVersion "1"]
[SourceVersionDate "2021.10.06"]
[SourceQuality "1"]

1. e4 g6 2. Nc3 Bg7 3. f4 d6 4. Nf3 Nf6 5. Bc4 c6 6. a4 0-0 7. d3 d5 8. exd5 cxd5 9. Bb3 Nc6 10. 0-0 Bg4 11. Ne2 Rc8 12. h3 Bxf3 13. Rxf3 Re8 14. d4 Ne4 15. c3 e6 16. Qe1 Na5 17. Bc2 f5 18. Ng3 Bxd4+ 19. cxd4 Rxc2 20. Nxe4 dxe4 21. Rc3 Rxc3 22. Qxc3 Nc6 23. Be3 Qa5 24. Qxa5 Nxa5 25. Rc1 Nc6 26. Rc4 Rc8 27. b4 Ne7 28. Rc5 b6 29. Rxc8+ Nxc8 30. Kf2 Ne7 31. Bd2 Nd5 32. b5 Kf7 33. g3 Ke7 34. Ke2 Kd6 35. a5 Nc7 36. Bb4+ Kd5 37. Ke3 Nxb5 38. axb6 axb6 39. Bf8 Nxd4 40. Bg7 Nc6 41. Bc3 b5 42. Kd2 Kc4 43. Bf6 Nb4 44. Be5 Nd5 45. Ke2 b4 46. Bg7 Kb3 47. Bd4 Kc2 0-1

[Event "Lipetsk Region-ch Seniors"]
[Site "Lipetsk"]
[Date "2009.03.09"]
[Round "2"]
[White "Omelchak, Ivan"]
[Black "Aksenov, Ivan"]
[Result "1-0"]
[WhiteElo "1909"]
[BlackElo "1838"]
[PlyCount "65"]
[EventDate "2009.03.08"]
[EventType "swiss"]
[EventRounds "9"]
[EventCountry "RUS"]
[SourceTitle "EXT 2022"]
[Source "ChessBase"]
[SourceDate "2021.10.06"]
[SourceVersion "1"]
[SourceVersionDate "2021.10.06"]
[SourceQuality "1"]

1. e4 c5 2. Nc3 Nc6 3. f4 d6 4. Nf3 Nf6 5. Bc4 e6 6. d3 d5 7. Bb5 dxe4 8. Ne5 Bd7 9. dxe4 Nxe5 10. fxe5 Ng8 11. Qxd7+ Qxd7 12. Bxd7+ Kxd7 13. Be3 Be7 14. 0-0 f6 15. exf6 gxf6 16. Rad1+ Kc6 17. Rd2 h5 18. Rfd1 Rh7 19. Rd7 b5 20. Ne2 a6 21. Nf4 e5 22. Ne6 Rc8 23. Kf1 Rf7 24. Bxc5 Bxc5 25. Rxf7 Bd6 26. Ra7 Kb6 27. Rd7 Bc7 28. b4 Nh6 29. h3 f5 30. Rh7 Ng8 31. exf5 e4 32. Rdd7 Nf6 33. Rxc7 1-0

[Event "Lipetsk-B 17th"]
[Site "Lipetsk"]
[Date "2008.11.28"]
[Round "1"]
[White "Lomovskih, Alexey"]
[Black "Omelchak, Ivan"]
[Result "0-1"]
[WhiteElo "1717"]
[BlackElo "1909"]
[PlyCount "88"]
[EventDate "2008.11.28"]
[EventType "swiss"]
[EventRounds "9"]
[EventCountry "RUS"]
[SourceTitle "EXT 2022"]
[Source "ChessBase"]
[SourceDate "2021.10.06"]
[SourceVersion "1"]
[SourceVersionDate "2021.10.06"]
[SourceQuality "1"]

1. e4 e5 2. Nf3 Nc6 3. d4 exd4 4. Nxd4 Nf6 5. Nxc6 bxc6 6. e5 Qe7 7. Qe2 Nd5 8. c4 Ba6 9. Nd2 g6 10. b3 Bg7 11. Bb2 0-0 12. Nf3 Rfe8 13. Qd2 Nb6 14. Be2 d6 15. exd6 Qxe2+ 16. Qxe2 Rxe2+ 17. Kxe2 Bxb2 18. Rab1 Bf6 19. dxc7 Rc8 20. Rbd1 Rxc7 21. Rd6 Kg7 22. Rhd1 Bc8 23. Nd4 Bb7 24. Nf3 c5 25. a4 Bc6 26. R6d3 Be4 27. Re3 Bf5 28. h3 h5 29. Kf1 g5 30. a5 Nd7 31. Rd5 Be6 32. Rd1 g4 33. hxg4 hxg4 34. Nd2 Bd4 35. Ree1 Nf6 36. Ne4 Nxe4 37. Rxe4 Bf5 38. Re2 Rb7 39. a6 Rxb3 40. Re7 Be6 41. Rxa7 Bxc4+ 42. Kg1 g3 43. Rb7 gxf2+ 44. Kh2 Ra3 0-1

[Event "Lipetsk-ch"]
[Site "Lipetsk"]
[Date "2008.03.26"]
[Round "7"]
[White "Omelchak, Ivan"]
[Black "Titov, Sergey"]
[Result "0-1"]
[WhiteElo "1929"]
[BlackElo "2089"]
[PlyCount "46"]
[EventDate "2008.03.20"]
[EventType "swiss"]
[EventRounds "9"]
[EventCountry "RUS"]
[SourceTitle "EXT 2022"]
[Source "ChessBase"]
[SourceDate "2021.10.06"]
[SourceVersion "1"]
[SourceVersionDate "2021.10.06"]
[SourceQuality "1"]

1. e4 c6 2. d4 d5 3. exd5 cxd5 4. Nf3 Nc6 5. Bd3 Nf6 6. 0-0 Bg4 7. c3 e6 8. Re1 Bd6 9. h3 Bh5 10. Nbd2 0-0 11. Qc2 Rc8 12. Qb1 Qc7 13. Ng5 Bg6 14. Bxg6 hxg6 15. Ndf3 b5 16. Nh4 Rfe8 17. Bd2 e5 18. dxe5 Nxe5 19. Qc2 Nc4 20. Ngf3 Re4 21. Rxe4 dxe4 22. Nd4 Qc5 23. Bg5 Qxg5 0-1

[Event "Lipetsk-ch Seniors"]
[Site "Lipetsk"]
[Date "2007.01.28"]
[Round "2"]
[White "Omelchak, Ivan"]
[Black "Kasantsev, Anatolij B"]
[Result "0-1"]
[WhiteElo "1921"]
[BlackElo "2121"]
[PlyCount "50"]
[EventDate "2007.01.27"]
[EventType "swiss"]
[EventRounds "9"]
[EventCountry "RUS"]
[SourceTitle "EXT 2019"]
[Source "ChessBase"]
[SourceDate "2018.10.10"]
[SourceVersion "1"]
[SourceVersionDate "2018.10.10"]
[SourceQuality "1"]

1. e4 c5 2. Nc3 Nc6 3. f4 g6 4. Nf3 Bg7 5. Bc4 e6 6. f5 Nge7 7. fxe6 fxe6 8. d3 d5 9. Bb3 b5 10. a4 b4 11. Ne2 Na5 12. Ba2 dxe4 13. Ng5 b3 14. Nf4 Nf5 15. Nfxe6 Bxe6 16. Nxe6 Qh4+ 17. g3 Qe7 18. Nxg7+ Nxg7 19. cxb3 exd3+ 20. Kf2 Qf6+ 21. Kg2 0-0-0 22. Qg4+ Nf5 23. Rd1 Rhe8 24. b4 Re2+ 25. Kg1 Qc6 0-1